00266nam a2200109Ia 4500008004100000100002900041245002600070260002000096650001600116942000700132999001700139190216s9999||||xx |||||||||||||| ||und|| aUniversity Of Travancore 0aTerms In Mathematics bDept Of Physics aMathematics cBK c30479d30479